000 00744nam a2200289Ia 4500
005 20260324114302.0
008 008 260324s9999 xx 000 0 eng d
020 _a9781003347866
037 _aEBOOK
040 _aCRL
040 _beng
040 _cCRL
041 _2eng
041 _aeng
084 _qCRL
100 _aJames Calum O’Neill
_91150171
245 4 _aThe Allegory of Love in the Early Renaissance
245 0 _bFrancesco Colonna’s Hypnerotomachia Poliphili and its European Context
260 _bTaylor and Francis
260 _c2023
365 _a
365 _b255
856 _uhttp://www.taylorfrancis.com/books/9781003347866
942 _cEBOOK
999 _c1740259
_d1740259